Komparácia legislatívneho, procesného, organizačného a finančného zabezpečenia európskych fondov v programovom období 2014-2020 na Slovensku a vo vybraných krajinách
Identifikovanie podobností a rozdielov v riadiacich a implementačných opatreniach na Slovensku a vo vybraných krajinách Európskej únie.
Salvato in:
| Autore principale: | |
|---|---|
| Natura: | Capitolo di libro |
| Lingua: | slovacco |
| Soggetti: | |
| Tags: |
Nessun Tag, puoi essere il primo ad aggiungerne!!
|
MARC
| LEADER | 00000naa a2200000 4500 | ||
|---|---|---|---|
| 001 | 0311823 | ||
| 005 | 20250807091010.2 | ||
| 041 | 0 | |a slo | |
| 044 | |a SK | ||
| 245 | 1 | 0 | |a Komparácia legislatívneho, procesného, organizačného a finančného zabezpečenia európskych fondov v programovom období 2014-2020 na Slovensku a vo vybraných krajinách |c Kristína Jánošková |
| 520 | |a Identifikovanie podobností a rozdielov v riadiacich a implementačných opatreniach na Slovensku a vo vybraných krajinách Európskej únie. | ||
| 610 | 2 | 0 | |a fondy Európskej únie |
| 610 | 2 | 0 | |a fondy investičné |
| 610 | 2 | 0 | |a fondy štruktúrne |
| 610 | 2 | 0 | |a obdobie rozpočtové |
| 610 | 2 | 0 | |a porovnanie medzinárodné |
| 610 | 2 | 0 | |a Slovensko |
| 610 | 2 | 0 | |a Európska únia |
| 610 | 2 | 0 | |a zabezpečenie programové |
| 100 | 1 | |a Jánošková, Kristína, 1995- | |